<?xml version="1.0" encoding="UTF-8"?><?xml-stylesheet type="text/xsl" href="static/style.xsl"?><OAI-PMH xmlns="http://www.openarchives.org/OAI/2.0/" xmlns:xsi="http://www.w3.org/2001/XMLSchema-instance" xsi:schemaLocation="http://www.openarchives.org/OAI/2.0/ http://www.openarchives.org/OAI/2.0/OAI-PMH.xsd"><responseDate>2026-04-13T14:24:39Z</responseDate><request verb="GetRecord" identifier="oai:www.recercat.cat:10256/15754" metadataPrefix="marc">https://recercat.cat/oai/request</request><GetRecord><record><header><identifier>oai:recercat.cat:10256/15754</identifier><datestamp>2024-05-22T11:18:02Z</datestamp><setSpec>com_2072_452966</setSpec><setSpec>com_2072_2054</setSpec><setSpec>col_2072_452968</setSpec></header><metadata><record xmlns="http://www.loc.gov/MARC21/slim" xmlns:dcterms="http://purl.org/dc/terms/" xmlns:xsi="http://www.w3.org/2001/XMLSchema-instance" xmlns:doc="http://www.lyncode.com/xoai" xsi:schemaLocation="http://www.loc.gov/MARC21/slim http://www.loc.gov/standards/marcxml/schema/MARC21slim.xsd">
   <leader>00925njm 22002777a 4500</leader>
   <datafield ind2=" " ind1=" " tag="042">
      <subfield code="a">dc</subfield>
   </datafield>
   <datafield ind2=" " ind1=" " tag="720">
      <subfield code="a">Rodríguez Camprubi, Emi</subfield>
      <subfield code="e">author</subfield>
   </datafield>
   <datafield ind2=" " ind1=" " tag="260">
      <subfield code="c">2018</subfield>
   </datafield>
   <datafield ind2=" " ind1=" " tag="520">
      <subfield code="a">Introduction: Feeding behaviour disorders are an alteration in diet, behaviour or&#xd;
attitude related to feeding which affects mostly females between 12 and 20 years&#xd;
old. The diagnostic of this pathology has increased in the last decades. Health&#xd;
promotion is the tool that allows people to obtain larger control over one’s health.&#xd;
Despite that, a greater effort has been paid in preventive programs on feeding&#xd;
behaviour disorders.&#xd;
Objective: To evaluate teen’s knowledge about feeding behaviour disorders,&#xd;
prevalence and risk factors. Also, to test if this knowledge is increased after&#xd;
applying part of a mental health promotion program about feeding behaviour&#xd;
disorders.&#xd;
Methodology: A prospective longitudinal study was made with an intentioned,&#xd;
non-probabilistic sample selection. Both sociodemographic and feeding&#xd;
behaviour disorders knowledge related variables (diagnosis, prevalence, risk&#xd;
factors and clinical manifestations) were considered, and processed using a&#xd;
descriptive bivariate analysis with SPSS 23.0 software.&#xd;
Results: 147 students answered the pre-intervention questionnaire and 147&#xd;
answered the post-intervention one after attending the mental health promotion&#xd;
intervention about feeding behaviour disorders. Before the intervention,&#xd;
participants’ knowledge scored an average of 11.54 points about 26 points. By&#xd;
age, students of 3rd course on high school were the most knowledgeable ones,&#xd;
as were females when dividing by sex. After the intervention, the average score&#xd;
raised to 14.76 points, shifting the student’s level of knowledge from low to&#xd;
medium. The groups with the greatest increase were 2nd course of high school&#xd;
students and females. All answers show an improvement on knowledge level&#xd;
except those related to mental disorders, prevalence based on social class and&#xd;
underlying risk factors. The most frequent error made when answering the&#xd;
questionnaire was the consideration of morbid obesity as a feeding behaviour&#xd;
disorder and not considering ruminate disorder as one.&#xd;
Conclusions: Students show a low level of knowledge about feeding behaviour&#xd;
disorders but they have it increased to a medium level after applying part of the&#xd;
mental health promotion program about feeding behaviour disorders suggested</subfield>
   </datafield>
   <datafield ind1="8" ind2=" " tag="024">
      <subfield code="a">http://hdl.handle.net/10256/15754</subfield>
   </datafield>
   <datafield tag="653" ind2=" " ind1=" ">
      <subfield code="a">Trastorns de la conducta alimentària</subfield>
   </datafield>
   <datafield tag="653" ind2=" " ind1=" ">
      <subfield code="a">Eating disorders</subfield>
   </datafield>
   <datafield tag="653" ind2=" " ind1=" ">
      <subfield code="a">Educació per a la salut mental</subfield>
   </datafield>
   <datafield tag="653" ind2=" " ind1=" ">
      <subfield code="a">Mental health education</subfield>
   </datafield>
   <datafield ind2="0" ind1="0" tag="245">
      <subfield code="a">Efectivitat d'un programa de promoció de la salut mental en trastorn de conducta alimentària: projecte finalitzat</subfield>
   </datafield>
</record></metadata></record></GetRecord></OAI-PMH>